Famosos por apodo - Estadísticas

Estadísticas generales
  • Esta prueba ha sido intentada 218 veces
  • La puntuación promedio es 8 de 15
Estadísticas de respuestas
Apodo País Artista % Correcto
Motomami España Rosalía
93%
El Conejo Malo Puerto Rico Bad Bunny
87%
Bichota Colombia Karol G
87%
La Loba Colombia Shakira
86%
La Pulga Atómica Argentina Lionel Messi
84%
Nano España Fernando Alonso / Joan Manuel Serrat
69%
El manco de Lepanto España Miguel de Cervantes
61%
DY Puerto Rico Daddy Yankee
60%
Rey de la tierra batida España Rafael Nadal
51%
El papa del pueblo Argentina Papa Francisco
48%
El Sol de México México Luis Miguel
36%
Friducha México Frida Kahlo
26%
Gabito Colombia Gabriel García Márquez
18%
El Libertador Capitanía General de Venezuela Simón Bolívar
18%
El Príncipe de la Canción México José José
6%
No se encontraron pruebas coincidentes
Distribución de puntuación
Porcentaje de gente con cada puntuación
Porcentaje por número respondido
Historial de tus puntuaciones
No has intentado esta prueba.